| 000 | 00759nam a2200265Ia 4500 | ||
|---|---|---|---|
| 008 | 160216s9999 xx 000 0 und d | ||
| 020 | _a0-7360-3387-4 | ||
| 050 | _aMAIN GV 361 | ||
| 050 | _b.S34 2003 | ||
| 100 | _aSchempp, Paul G. | ||
| 245 | _aTeaching sport and physical activity : | ||
| 245 | _binsights on the road to excellence / | ||
| 245 | _cPaul G. Schempp. | ||
| 260 | _aUSA : | ||
| 260 | _bHuman Kinetics. | ||
| 260 | _c2003 | ||
| 300 | _a220 pages : | ||
| 300 | _bill. ; | ||
| 300 | _c28 cm. | ||
| 500 | _aIncludes bibliographical references and index. | ||
| 650 | _aPhysical education and training -- | ||
| 650 | _aPhysical education teachers -- | ||
| 650 | _xStudy and teaching (Secondary). | ||
| 650 | _xTraining of. | ||
| 999 |
_c290898 _d290898 |
||